MARC

LEADER 00000nam0a2200000 4500
001 364638
005 20231102011716.0
035 |a (RuTPU)RU\TPU\retro\21996 
090 |a 364638 
100 |a 20211123d1981 km y0rusy50 ca 
101 0 |a rus 
102 |a UA 
105 |a a g 001zy 
200 1 |a Гидродинамические расчеты в бурении  |e справочник  |f Е. И. Стетюха  
210 |a Киев  |c Техника  |d 1981 
215 |a 117 с.  |c ил. 
320 |a Библиогр.: с. 113-115 
606 1 |a Бурение  |x Гидродинамика  |2 stltpush  |3 (RuTPU)RU\TPU\subj\30233  |9 53365 
610 1 |a гидродинамические расчеты 
610 1 |a справочники 
610 1 |a промывочные жидкости 
610 1 |a гидравлические сопротивления 
610 1 |a промывка 
610 1 |a давление 
610 1 |a перепады 
610 1 |a скорость 
610 1 |a допустимые значения 
675 |a 622.24(035)  |v 4 
700 1 |a Стетюха  |b Е. И.  |g Евгений Иванович 
801 1 |a RU  |b 63413507  |c 20211123 
942 |c BK